| 000 | 00835nam a2200205Ii 4500 | ||
|---|---|---|---|
| 003 | JO-AjNU | ||
| 008 | 230605s9999||||xx |||||||||||||| ||und|| | ||
| 040 |
_aJO-AjNU _bara _erda _cJO-AjNU |
||
| 041 | _aara | ||
| 050 | 1 | 4 | _aBP173.756.S4 1981 |
| 100 | 3 |
_aالشيرزي، عبد الرحمن بن نصر ؛ تحقيق ومراجعة السيد الباز العريني, _eauthor _935583 |
|
| 245 | 0 | 0 | _aكتاب نهاية الرتبة في طلب الحسبة |
| 250 | _aط2 | ||
| 264 | 3 | 1 | _aبيروت: دار الثقافة، 1981 |
| 300 |
_a204ص _bالمراجع(ص177-195) ؛ فهرس ابجدي(ص196-204) |
||
| 336 |
_atext _btxt _2rdacontent |
||
| 337 |
_aunmediated _bn _2rdamedia |
||
| 338 |
_avolume _bnc _2rdacarrier |
||
| 650 | 4 |
_aالاقتصاد الاسلامي- الاسلام والمالية العامة _935584 |
|
| 999 |
_aA14705 _c18273 _d18273 |
||